00587nam a2200157 a 450000100100000000500170001000800410002704000250006810000320009324501070012526000360023230000300026804900090029895201050030799900170041200003173020200930063134.0110630s1997 dr d 000 | spa d aDO-SdBNPbspacBNPHU1 aRosa, Víctor de la95613610aModificación de la ley 11-92 art. 296 :bcódigo tributario de la Rep. Dom. /cVíctor de la Rosa. aSanto Domingo :b[s.n.],c1997. a17 p. :bdiagr. ;c21 cm. aBNPD 0010718PDaPDbPDcCTd2011-06-30iLF1l0o p31730-10r2020-06-25w2020-06-25yLFPDZNo se presta c31222d31222